000 00542nam a22001697a 4500
005 20251108164218.0
008 250721s1988 xx 000 0 ara d
082 1 4 _a301,54/اسم
100 1 _aالشيخ دره، إسماعيل إبراهيم
245 1 0 _aإقتصاديات الإسكان /
264 1 _aالكويت :
_bالمجلس الوطني للثقافة والفنون والآداب،
_c1988.
300 _a287ص
490 0 _aعالم المعرفة ؛ 127
650 1 7 _aالإسكان
942 _2ddc
_cBK
999 _c6486
_d6486